000 00756nam a2200241 i 4500
003 DO-SdBNP
005 20250611090144.0
007 ta
008 250611t1982 dr 000 0 spa d
040 _aDO-SdBNP
_bspa
_cBNPHU
_erda
082 _axxxx
_bV466
_222
100 1 _aVentocilla, Eleodoro
_eautor
_4aut.
_987025
245 1 0 _aDemocracia dominicana :
_bSalvador Jorge Blanco 1982-1986 /
_cEleodoro Ventocilla
250 _aPrimera edición
264 _aRepública de Panamá :
_bEditorial Nuevo Mundo,
_c1982.
300 _a[50] páginas
_c21 cm.
336 _atexto
_btxt
_2rdacontent
337 _asin mediación
_bn
_2rdamedia
338 _avolumen
_bnc
_2rdacarrier
590 _aInventariado, 2025/ YL
910 _aYLockward
942 _2ddc
_cLBS1
999 _c59214
_d59214